Not Today - Twenty One Pilots (All Lyrics) - Statistics

General Stats
  • This quiz has been taken 258 times
  • The average score is 316 of 394
Answer Stats
Not Today % Correct
a
100%
Verse 1 I
100%
nah
100%
the
100%
to
100%
Chorus You
100%
you
100%
no
98%
No
98%
down
97%
me
97%
Not
97%
not
97%
don't
96%
i'm
96%
I'm
96%
mind
96%
my
96%
of
96%
today
96%
are
95%
out
95%
so
95%
see
93%
sound
93%
in
92%
oh
92%
Bridge Oh
92%
But
91%
just
91%
Just
91%
say
91%
tryin'
91%
was
91%
Who
91%
this
90%
This
90%
all
89%
know
89%
time
89%
better
88%
feel
88%
Post-Chorus Heard
88%
it
88%
side
88%
waste
88%
why
88%
your
88%
get
87%
make
87%
off
87%
choice
86%
because
85%
Because
85%
curtains
85%
voice
85%
now
84%
room
84%
seein'
84%
right
83%
there's
83%
aren't
82%
same
82%
Stayin'
82%
windows
82%
and
81%
born
81%
open
81%
am
80%
world
79%
look
77%
outside
77%
yeah
77%
lyrics
75%
noise
75%
is
73%
whole
73%
Without
73%
Doesn't
72%
It's
72%
mean
72%
piano
72%
play
72%
take
72%
test
71%
though
71%
transform
71%
sorry
69%
sounds
69%
happy
68%
things
67%
how
66%
okay
66%
willin'
66%
Verse 2 Listen
64%
represents
64%
run
61%
Tore
61%
contradiction
60%
from
60%
yet
59%
one's
50%
wait
49%
bah
36%
Bah
36%
Outro Buh
36%
buh
36%
Ooh
36%
ooh
36%
No matching quizzes found
Score Distribution
Percent of People with Each Score
Percentile by Number Answered
Your Score History
You have not taken this quiz